[Event "POL-chT U19 2nd League"]
[Site "Szczyrk"]
[Date "2014.07.31"]
[Round "9.115"]
[White "Chmielarz, Maciej"]
[Black "Krasinski, Mateusz"]
[Result "1-0"]
[WhiteElo "1862"]
[BlackElo "1657"]
[PlyCount "69"]
[EventDate "2014.07.25"]
[EventType "team-swiss"]
[EventRounds "11"]
[EventCountry "POL"]
[SourceTitle "EXT 2015"]
[Source "ChessBase"]
[SourceDate "2014.11.20"]
[SourceVersion "1"]
[SourceVersionDate "2014.11.20"]
[SourceQuality "1"]
[WhiteTeam "Wielkopolski OTSz Ostrow U19"]
[BlackTeam "Myslenice MLKSz U19 II"]
[WhiteTeamCountry "POL"]
[BlackTeamCountry "POL"]

1. d4 Nf6 2. c4 c5 3. d5 b5 4. cxb5 a6 5. b6 Qxb6 6. Nc3 g6 7. e4 d6 8. Be2 Bg7 9. Nf3 Nbd7 10. Nd2 0-0 11. 0-0 Rb8 12. a4 Qc7 13. a5 Bb7 14. Nc4 Rfd8 15. f4 Ne8 16. Bf3 Bd4+ 17. Be3 Bxe3+ 18. Nxe3 Ba8 19. Qe2 Rb4 20. Nc4 Qb8 21. e5 Ng7 22. Bg4 dxe5 23. fxe5 Rxc4 24. Qxc4 Nxe5 25. Qe2 Nxg4 26. Qxg4 Bxd5 27. Nxd5 Rxd5 28. Rad1 Rxd1 29. Rxd1 Nf5 30. Qe2 Qc8 31. Rc1 Qc6 32. b4 Qd5 33. bxc5 Nd4 34. Qxe7 Nf3+ 35. gxf3 1-0

[Event "POL-chT U19 2nd League"]
[Site "Szczyrk"]
[Date "2014.07.28"]
[Round "6.115"]
[White "Stasiowski, Karol"]
[Black "Chmielarz, Maciej"]
[Result "0-1"]
[WhiteElo "1521"]
[BlackElo "1862"]
[PlyCount "98"]
[EventDate "2014.07.25"]
[EventType "team-swiss"]
[EventRounds "11"]
[EventCountry "POL"]
[SourceTitle "EXT 2015"]
[Source "ChessBase"]
[SourceDate "2014.11.20"]
[SourceVersion "1"]
[SourceVersionDate "2014.11.20"]
[SourceQuality "1"]
[WhiteTeam "Imielin MKSz Diagonalia U19"]
[BlackTeam "Wielkopolski OTSz Ostrow U19"]
[WhiteTeamCountry "POL"]
[BlackTeamCountry "POL"]

1. e4 c6 2. d4 d5 3. exd5 cxd5 4. Bd3 Nc6 5. c3 g6 6. Bf4 Bg7 7. Nf3 Nf6 8. Nbd2 0-0 9. 0-0 Bf5 10. Bxf5 gxf5 11. Ne5 Nxe5 12. Bxe5 Kh8 13. Re1 e6 14. Re3 Rg8 15. Rh3 Ng4 16. Bxg7+ Rxg7 17. f4 Qc7 18. g3 Rag8 19. Qe2 Nf6 20. Kh1 Ne4 21. Nxe4 fxe4 22. Rh6 Rg6 23. Qh5 f5 24. Re1 Rxh6 25. Qxh6 Qe7 26. Re3 Rg6 27. Qh5 Kg7 28. Kg2 Qc7 29. Kf2 Rg4 30. h3 Rg6 31. Qe2 Qa5 32. a3 b5 33. Qd1 Rf6 34. Qb3 Rf7 35. Qb4 Qb6 36. Qc5 Qxc5 37. dxc5 Kf6 38. Re2 Rg7 39. Re1 e5 40. Rd1 Ke6 41. b4 h5 42. Rg1 exf4 43. Rg2 f3 44. Rg1 h4 45. g4 Ke5 46. gxf5 e3+ 47. Kxf3 Rxg1 48. Kxe3 Rg3+ 49. Kd2 Kxf5 0-1

[Event "POL-chT U19 2nd League"]
[Site "Borowice"]
[Date "2012.07.25"]
[Round "6"]
[White "Cukrowski, Filip"]
[Black "Chmielarz, Maciej"]
[Result "1/2-1/2"]
[WhiteElo "2133"]
[BlackElo "1846"]
[PlyCount "102"]
[EventDate "2012.07.21"]
[EventType "team-swiss"]
[EventRounds "11"]
[EventCountry "POL"]
[SourceTitle "EXT 2014"]
[Source "ChessBase"]
[SourceDate "2013.11.20"]
[SourceVersion "1"]
[SourceVersionDate "2013.11.20"]
[SourceQuality "1"]
[WhiteTeam "Opole Rodlo U19"]
[BlackTeam "Ostrow Wielkopolski U19"]
[WhiteTeamCountry "POL"]
[BlackTeamCountry "POL"]

1. e4 c6 2. d4 d5 3. exd5 cxd5 4. c4 Nf6 5. Nc3 e6 6. Nf3 Bb4 7. a3 Bxc3+ 8. bxc3 Nc6 9. Bg5 Qa5 10. Qc2 Ne4 11. Bd2 Nxd2 12. Qxd2 b6 13. cxd5 Qxd5 14. Bd3 Na5 15. Qe2 Bb7 16. Rb1 Rc8 17. Bb5+ Bc6 18. Ba6 Bb7 19. Bxb7 Qxb7 20. 0-0 Rxc3 21. Qe5 0-0 22. Qxa5 Qxf3 23. Qxa7 Rxa3 24. Qxb6 Qa8 25. h3 Ra6 26. Qc7 Rc6 27. Qe5 Rd8 28. Rb4 Rcd6 29. Rfb1 Qd5 30. Qf4 h6 31. Rc1 Rc6 32. Ra1 Qd6 33. Qxd6 Rcxd6 34. Raa4 Kf8 35. f4 Ke7 36. Kf2 Rc8 37. Rb3 Rc2+ 38. Kf3 Rdc6 39. Raa3 Kd6 40. g4 Rh2 41. Ke4 Re2+ 42. Re3 Rd2 43. f5 exf5+ 44. gxf5 Rc4 45. Ra6+ Kd7 46. Ra7+ Kd6 47. Rxf7 Rcxd4+ 48. Kf3 R4d3 49. Rfe7 Rxe3+ 50. Rxe3 Kd7 51. Re6 Rd6 1/2-1/2

[Event "POL-chT U19 2nd League"]
[Site "Borowice"]
[Date "2012.07.21"]
[Round "1"]
[White "Kanicki, Krzysztof"]
[Black "Chmielarz, Maciej"]
[Result "1/2-1/2"]
[WhiteElo "1860"]
[BlackElo "1846"]
[PlyCount "71"]
[EventDate "2012.07.21"]
[EventType "team-swiss"]
[EventRounds "11"]
[EventCountry "POL"]
[SourceTitle "EXT 2014"]
[Source "ChessBase"]
[SourceDate "2013.11.20"]
[SourceVersion "1"]
[SourceVersionDate "2013.11.20"]
[SourceQuality "1"]
[WhiteTeam "Wroclaw MUKS MDK Fabryczna U19"]
[BlackTeam "Ostrow Wielkopolski U19"]
[WhiteTeamCountry "POL"]
[BlackTeamCountry "POL"]

1. e4 c6 2. d4 d5 3. e5 c5 4. Nf3 Bg4 5. c4 cxd4 6. cxd5 Qxd5 7. Nc3 Bxf3 8. Nxd5 Bxd1 9. Nc7+ Kd8 10. Nxa8 Bg4 11. e6 fxe6 12. f3 Bf5 13. g4 Bg6 14. Bf4 e5 15. Bxe5 Nc6 16. Bc7+ Kd7 17. Bb5 e6 18. 0-0-0 Nf6 19. Rxd4+ Nd5 20. Rhd1 Bf7 21. Rf4 Ke8 22. Ra4 Bc5 23. Bg3 Be3+ 24. Kb1 Ke7 25. Nc7 Bg6+ 26. Bd3 Rd8 27. Nxd5+ Rxd5 28. Kc2 Rc5+ 29. Kb3 b5 30. Bd6+ Kxd6 31. Bxg6+ Ke7 32. Re4 Na5+ 33. Kb4 Nc6+ 34. Kb3 Na5+ 35. Kb4 Nc6+ 36. Kb3 1/2-1/2